00436nam a2200157Ia 45000010006000000050017000060080041000230410008000640820015000721000033000872450105001202600009002253000028002346500008002626540008002701630320260306170259.0260306t2019||||xx |||||||||||||| ||und|| aESP a347.7bG23 aGarcía Long, SergíoeAUT 0aDerecho contractual financiero:bestudios en homenaje a la facultad de derecho PUCP en su centenario c2019 a344 páginas :c24 cm. aGEN aCAN